000 00923cam a2200301 a 4500
001 3375601
003 OSt
005 20140310184350.0
008 870921s1987 nyua j 000 0 eng
010 _a 87176826
020 _a0590451596
040 _aDLC
_cDLC
_dDLC
043 _an-us---
050 0 0 _aKF 4541.Z9
_b.L48 1992
100 1 _aLevy, Elizabeth,
_d1942-
_925050
245 1 0 _a...If you were there when they signed the constitution /
_cElizabeth Levy ; illustrated by Richard Rosenblum.
260 _aNew York :
_bScholastic,
_c1992
300 _a79 p. :
_bill. (some col.) ;
_c21 cm.
521 _aG10
526 _c810
650 0 _aConstitutional history
_zUnited States
_xJuvenile literature.
_925051
700 1 _aRosenblum, Richard.
_925052
906 _a7
_bcbc
_corignew
_d3
_encip
_f19
_gy-gencatlg
942 _2lcc
_cBK-SCHOLAS
999 _c33927
_d33927